000
00247nam a2200109 a 4500
005
20140513081051.0
008
020606s19uu xx 00 eng d
050
_a
P 611.84
_b
EYE
245
_a
Eye (The).
650
_a
Eyes
_x
Posters
999
_c
116338
_d
116338